[Event "Challenge"]
[Site "http://www.queenalice.com/game.php?id=220055"]
[Date "2007.6.2"]
[Round "-"]
[White "vmarcel"]
[Black "lucianoterra"]
[Result "1-0"]
[WhiteElo "1500"]
[BlackElo "1100"]

1. e4 e5 2. Qf3 f6 3. Qh5+ g6 4. Qf3 b6 5. d4 Nc6 6. d5 Nd4 7. Qd1 Bb4+ 8. c3
Bxc3+ 9. bxc3 Qe7 10. cxd4 exd4 11. Qxd4 a5 12. Nc3 Bb7 13. Nb5 Qd6 14. Nxd6+
cxd6 15. Qxb6 Rb8 16. Qxd6 Rc8 17. Ba3 Nh6 18. Qe7# 1-0

[Event "Challenge"]
[Site "http://www.queenalice.com/game.php?id=226223"]
[Date "2007.6.16"]
[Round "-"]
[White "Erinaldo"]
[Black "vmarcel"]
[Result "1-0"]
[WhiteElo "1566"]
[BlackElo "1687"]

1. e4 e5 2. Nf3 Qf6 3. d4 Nc6 4. d5 Nd4 5. Nxd4 exd4 6. Nd2 Nh6 7. Nf3 Bb4+ 8.
Bd2 Bc5 9. Bxh6 gxh6 10. Qd3 Bb4+ 11. Nd2 a5 12. Be2 b6 13. O-O-O Qxf2 14. Rdf1
Qxg2 15. Qxd4 Rg8 16. Rhg1 Qxe2 17. Rxg8+ Ke7 18. Qe5# 1-0

[Event "Revanche de um jogo que não foi"]
[Site "http://www.queenalice.com/game.php?id=227914"]
[Date "2007.6.20"]
[Round "-"]
[White "Barbudo"]
[Black "vmarcel"]
[Result "1-0"]
[WhiteElo "1674"]
[BlackElo "1650"]

1. e4 e5 2. Nf3 Qf6 3. Bc4 a6 4. Nc3 b5 5. Nd5 Qc6 6. Bb3 Nf6 7. Nxe5 Qd6 8.
Nxf7 Rg8 9. Nxd6+ Bxd6 10. Nxf6+ gxf6 11. Bxg8 Nc6 12. Bd5 Bb7 13. Qh5+ Kd8 14.
Qxh7 Kc8 15. Qh8+ Nd8 16. Bxb7+ Kxb7 17. Qxf6 Ne6 18. O-O Rf8 19. Qc3 Nf4 20. e5
Ne2+ 21. Kh1 Nxc3 22. exd6 Nd5 23. dxc7 Kxc7 24. Re1 Nb4 25. Re7 Rxf2 26. Kg1
Rf5 27. c3 Nc2 28. Rb1 Kd8 29. Re4 Kc7 30. b4 Rf6 31. d4 Re6 32. Rxe6 dxe6 33.
Bf4+ Kc6 34. Rc1 Na3 35. h4 Nc4 36. h5 Nb2 37. Rc2 Nd3 38. Bg5 e5 39. dxe5 Nxe5
40. Bc1 Ng4 41. Re2 Kd5 42. Re8 Kc4 43. Re4+ Kxc3 44. Rxg4 Kc2 45. Bf4 Kb2 46.
h6 Kxa2 47. h7 Ka3 48. h8=Q Kxb4 49. Qb2+ Ka5 50. Bc7# 1-0

[Event "Challenge"]
[Site "http://www.queenalice.com/game.php?id=234813"]
[Date "2007.7.4"]
[Round "-"]
[White "vmarcel"]
[Black "andrea123"]
[Result "1/2-1/2"]
[WhiteElo "1687"]
[BlackElo "930"]

1. e4 c6 2. Qf3 Nh6 3. d4 Qa5+ 4. Bd2 Qa4 5. b3 Qxd4 6. Nc3 b5 7. Rd1 b4 8. Na4
g5 9. Bxg5 Qg7 10. Nh3 a5 11. Bc4 d6 12. Nb6 Bb7 13. O-O a4 14. Rfe1 Ra6 15.
Nxa4 d5 16. exd5 cxd5 17. Bxd5 Ra7 18. Bxb7 Nd7 19. Bc6 Qg6 20. Nb6 Qxc2 21.
Bxd7+ Rxd7 22. Rxd7 Qxa2 23. Rexe7+ Bxe7 24. Bxe7 Rf8 25. Bxf8 Kxf8 26. Ng5 Qa1+
27. Rd1 Qa5 28. Qa8+ Qxa8 29. Nxa8 f6 30. Ne6+ Ke7 31. Nac7 Nf7 32. Ng7 Nd6 33.
Nd5+ Kd7 34. Nxf6+ Ke7 35. Nxh7 Nb7 36. f4 Na5 37. h4 Kf7 38. Rd7+ Kg8 39. Ng5
Nxb3 40. N7e6 Na5 41. Rc7 b3 42. Rd7 1/2-1/2

[Event "AUTO-INT-596"]
[Site "http://www.queenalice.com/game.php?id=264014"]
[Date "2007.8.30"]
[Round "1"]
[White "segat"]
[Black "vmarcel"]
[Result "0-1"]
[WhiteElo "1462"]
[BlackElo "1711"]

1. e4 d6 2. Nf3 Bg4 3. Nc3 e5 4. Nd5 Nf6 5. Bc4 a6 6. O-O b5 7. Bb3 Nxe4 8. d3
Nc5 9. Bg5 f6 10. Bh4 Nc6 11. c4 g5 12. Bg3 Nd4 13. Re1 Be7 14. Re3 f5 15. h3 f4
16. Re4 Nxe4 17. dxe4 Bxf3 18. gxf3 fxg3 19. fxg3 Rf8 20. Qd2 Nxf3+ 21. Kg2 Nxd2
22. Nxe7 Qxe7 23. cxb5 axb5 24. Rd1 Nxe4 25. h4 gxh4 26. gxh4 Rf2+ 27. Kg1 Qg7+
28. Kh1 Qg2# 0-1

[Event "AUTO-INT-596"]
[Site "http://www.queenalice.com/game.php?id=264015"]
[Date "2007.8.30"]
[Round "1"]
[White "vmarcel"]
[Black "segat"]
[Result "1-0"]
[WhiteElo "1691"]
[BlackElo "1458"]

1. e4 e5 2. Qf3 Nf6 3. Nc3 Nc6 4. Nge2 Bc5 5. Nd5 Nd4 6. Nxd4 exd4 7. Nxf6+ gxf6
8. Bc4 Qe7 9. d3 d5 10. Bxd5 c6 11. Bc4 b5 12. Bb3 f5 13. O-O Rg8 14. Re1 Bb4
15. c3 Ba5 16. Bh6 Qf6 17. exf5+ Kd8 18. Qe4 Bxf5 19. Qxd4+ Bd7 20. Qxf6+ Kc7
21. Qxf7 Rg6 22. Bf4+ Kb6 23. Qxd7 Rag8 24. Be3+ c5 25. g3 R8g7 26. Bxc5+ Kxc5
27. Re5+ Kb6 28. Qxb5+ Kc7 29. Qxa5+ Kc8 30. Rc5+ Kb8 31. Qd8+ Kb7 32. Bd5+ Ka6
33. Ra5# 1-0

[Event "AUTO-INT-596"]
[Site "http://www.queenalice.com/game.php?id=264026"]
[Date "2007.8.30"]
[Round "1"]
[White "bydelsklovnen"]
[Black "vmarcel"]
[Result "0-1"]
[WhiteElo "1333"]
[BlackElo "1665"]

1. e4 e5 2. Bc4 a6 3. Nf3 d6 4. d4 f6 5. dxe5 fxe5 6. Bg5 Be7 7. Bxe7 Nxe7 8.
Ng5 Ng6 9. Nf7 Qe7 10. Nxh8 Nxh8 11. Qh5+ g6 12. Qh6 b5 13. Bd5 Ra7 14. a4 Bb7
15. Bxb7 Rxb7 16. axb5 Rxb5 17. b3 Rb4 18. Nc3 Rb6 19. Nd5 Qf8 20. Nxc7+ Ke7 21.
Nd5+ Ke8 0-1

[Event "AUTO-INT-596"]
[Site "http://www.queenalice.com/game.php?id=264027"]
[Date "2007.8.30"]
[Round "1"]
[White "vmarcel"]
[Black "bydelsklovnen"]
[Result "1-0"]
[WhiteElo "1668"]
[BlackElo "1227"]

1. e4 e5 2. Qf3 Bc5 3. Bc4 Qf6 4. Nh3 Qxf3 5. gxf3 d6 6. Ng1 a6 7. a4 Nc6 8. c3
Na5 9. Ne2 Nxc4 10. Na3 Bxa3 11. bxa3 b5 12. a5 h5 13. f4 exf4 14. Nxf4 Nxa5 15.
Nd5 Kd7 16. Rg1 g6 17. d4 Nb3 18. Rb1 Nxc1 19. Rxc1 Bb7 20. Rg5 Bxd5 21. exd5
Nf6 22. Kd2 Ne4+ 23. Kc2 1-0

[Event "AUTO-OPEN-682"]
[Site "http://www.queenalice.com/game.php?id=289468"]
[Date "2007.10.19"]
[Round "2"]
[White "rohit_raj"]
[Black "vmarcel"]
[Result "1-0"]
[WhiteElo "1952"]
[BlackElo "1725"]

1. e4 e5 2. f4 Qh4+ 3. g3 Qe7 4. Nc3 exf4 5. Nf3 fxg3 6. hxg3 d6 7. Nh4 g6 8. d3
Bh6 9. Nd5 Qd8 10. Bxh6 Nxh6 11. Qf3 Nd7 12. d4 c6 13. Ne3 Qf6 14. Nc4 Qxd4 15.
Rd1 Qf6 16. Nxd6+ Kf8 17. Nxc8 Rxc8 18. Rxd7 Rd8 19. Qxf6 Rxd7 20. Qxh8+ Ng8 21.
Qxh7 Re7 22. Bd3 1-0

[Event "AUTO-OPEN-682"]
[Site "http://www.queenalice.com/game.php?id=289469"]
[Date "2007.10.19"]
[Round "2"]
[White "vmarcel"]
[Black "rohit_raj"]
[Result "0-1"]
[WhiteElo "1725"]
[BlackElo "2013"]

1. e4 e5 2. Qf3 Nf6 3. Nc3 Nc6 4. Nd5 Nd4 5. Qc3 Nxe4 6. Qxc7 Nc6 7. Qxd8+ Kxd8
8. d3 Nf6 9. Nxf6 gxf6 10. Ne2 d5 11. f3 Nb4 12. Rb1 Nxc2+ 13. Kd1 Nb4 14. Nc3
Be6 15. a3 Nc6 16. Be2 Rc8 17. g4 Rg8 18. b4 Nd4 19. h3 Rxc3 20. Bd2 Rxa3 0-1

[Event "Challenge"]
[Site "http://www.queenalice.com/game.php?id=289472"]
[Date "2007.10.19"]
[Round "-"]
[White "vmarcel"]
[Black "Barbudo"]
[Result "1-0"]
[WhiteElo "1698"]
[BlackElo "1597"]

1. e4 e5 2. Qf3 Nf6 3. b3 Bc5 4. Bb2 d6 5. Ne2 Ng4 6. d4 exd4 7. Bxd4 Bb4+ 8.
Nbc3 f6 9. Rd1 c5 10. Be3 Ne5 11. Qg3 g5 12. f4 Bxc3+ 13. Nxc3 Nf7 14. fxg5 fxg5
15. Bxc5 Qc7 16. Bxd6 Nxd6 17. Rxd6 Bd7 18. Re6+ Kd8 19. Qxg5+ Kc8 20. Qe5 Qxe5
21. Rxe5 Nc6 22. Rc5 Kc7 23. Bc4 Rae8 24. O-O b6 25. Nb5+ Kd8 26. Rd5 Rxe4 27.
Rf7 Ne5 28. Nd6 Nxf7 29. Nxf7+ Ke7 30. Nxh8 Bc6 31. Rf5 Re1+ 32. Kf2 Rc1 33.
Rf7+ Kd6 34. Bd3 Bd5 35. Rxh7 Kc5 36. Rxa7 Kd4 37. Ng6 b5 38. Nf4 b4 39. Nxd5
Kxd5 40. Re7 Kd4 41. g4 Kc3 42. Rb7 Rd1 43. g5 Rd2+ 44. Kg3 Rd1 45. g6 Rg1+ 46.
Kf2 Rg5 47. g7 1-0

[Event "OS INCLIVEIS"]
[Site "http://www.queenalice.com/game.php?id=1156067"]
[Date "2013.2.27"]
[Round "-"]
[White "adelio"]
[Black "vmarcel"]
[Result "1-0"]
[WhiteElo "1761"]
[BlackElo "1706"]

1. d4 d5 2. e4 c6 3. e5 e6 4. h4 h5 5. Nf3 Be7 6. Bd3 Nh6 7. Bxh6 Rxh6 8. Ng5
Bxg5 9. hxg5 Qxg5 10. g3 h4 11. Rxh4 Rxh4 12. gxh4 Qxh4 13. Bf1 Na6 14. c3 Bd7
15. Nd2 O-O-O 16. b4 b5 17. a4 Nc7 18. axb5 Nxb5 19. Qa4 Kb8 20. Bxb5 cxb5 21.
Qxa7+ Kc8 22. Qa8+ Kc7 23. Ra7+ Kb6 24. Qb7# 1-0